[Event "Amber-blindfold 13th"]
[Site "Monte Carlo"]
[Date "2004.03.26"]
[Round "6"]
[White "Gelfand, Boris"]
[Black "Svidler, Peter"]
[Result "1/2-1/2"]
[WhiteElo "2709"]
[BlackElo "2747"]
[PlyCount "139"]
[EventDate "2004.03.20"]
[EventType "tourn (rapid)"]
[EventRounds "11"]
[EventCountry "MNC"]
[EventCategory "19"]
[SourceTitle "CBM 099 Extra"]
[Source "ChessBase"]
[SourceDate "2004.05.04"]
[SourceVersion "1"]
[SourceVersionDate "2004.05.04"]
[SourceQuality "1"]

1. Nf3 Nf6 2. c4 g6 3. Nc3 d5 4. cxd5 Nxd5 5. g3 c5 6. Bg2 Nc6 7. O-O Bg7 8.
Qa4 Nb6 9. Qh4 O-O 10. d3 e5 11. Qxd8 Rxd8 12. Ne4 c4 13. Bg5 f5 14. Nc3 Rd7
15. dxc4 h6 16. Bc1 e4 17. Nd2 Rd8 18. c5 Bxc3 19. bxc3 Na4 20. Nb3 Nxc3 21.
Bxh6 Nxe2+ 22. Kh1 Be6 23. f3 exf3 24. Bxf3 Nc3 25. Bf4 Rd3 26. Kg1 Bd5 27.
Bxd5+ Rxd5 28. Rf3 Ne4 29. Rc1 Rad8 30. h4 R8d7 31. Kg2 Nb4 32. Rc4 Nd3 33. Rf1
Ndxc5 34. Nxc5 Nxc5 35. Be3 b6 36. g4 Ne6 37. h5 f4 38. Bxf4 gxh5 39. gxh5 Rxh5
40. Bg3 Rg5 41. Re4 Rg6 42. Re3 Rd4 43. Rf2 Rdg4 44. Kh2 b5 45. Rc3 b4 46. Re3
a5 47. a3 Rc4 48. axb4 axb4 49. Rf5 Rc2+ 50. Rf2 Rc6 51. Rb2 Rc4 52. Bd6 Ng5
53. Re8+ Kg7 54. Re7+ Kh6 55. Bg3 Nf3+ 56. Kh3 Rcg4 57. Bf2 Kg5 58. Rh7 Kf6 59.
Ra2 Ng1+ 60. Bxg1 Rxg1 61. Ra6+ Kg5 62. Rxg6+ Kxg6 63. Rb7 Rb1 64. Kg4 b3 65.
Kf3 Kf5 66. Ke3 b2 67. Kd2 Rh1 68. Rxb2 Rh2+ 69. Kc3 Rxb2 70. Kxb2 1/2-1/2

[Event "Amber-rapid 13th"]
[Site "Monte Carlo"]
[Date "2004.03.25"]
[Round "5"]
[White "Van Wely, Loek"]
[Black "Svidler, Peter"]
[Result "1/2-1/2"]
[WhiteElo "2617"]
[BlackElo "2747"]
[PlyCount "92"]
[EventDate "2004.03.20"]
[EventType "tourn (rapid)"]
[EventRounds "11"]
[EventCountry "MNC"]
[EventCategory "19"]
[SourceTitle "CBM 099 Extra"]
[Source "ChessBase"]
[SourceDate "2004.05.04"]
[SourceVersion "1"]
[SourceVersionDate "2004.05.04"]
[SourceQuality "1"]

1. d4 Nf6 2. c4 g6 3. Nc3 d5 4. Nf3 Bg7 5. Qa4+ Bd7 6. Qb3 Bc6 7. e3 O-O 8. Ne5
b6 9. cxd5 Bxd5 10. Nxd5 Qxd5 11. Bc4 Qxg2 12. Bxf7+ Kh8 13. Rf1 Nc6 14. Nxc6
Qxc6 15. Bd2 Rad8 16. Bb4 Qe4 17. O-O-O a5 18. Ba3 c5 19. dxc5 Rb8 20. Bd5 Qe5
21. cxb6 a4 22. Qb5 Ne4 23. f4 Qf5 24. Qd3 Rfc8+ 25. Kb1 Nc3+ 26. bxc3 Rxb6+
27. Bb3 axb3 28. Qxf5 gxf5 29. Rd3 Ra6 30. Bb2 bxa2+ 31. Ka1 Bf6 32. Rg1 Rg8
33. Rxg8+ Kxg8 34. Rd2 Ra4 35. Rc2 Kf7 36. Rc1 Kg6 37. c4 Bxb2+ 38. Kxb2 a1=Q+
39. Rxa1 Rxc4 40. Ra6+ Kh5 41. Re6 Rc7 42. h3 Kh4 43. Rh6+ Kg3 44. Rxh7 Kf3 45.
Rf7 Kxe3 46. Rxf5 e6 1/2-1/2

[Event "Amber-rapid 13th"]
[Site "Monte Carlo"]
[Date "2004.03.26"]
[Round "6"]
[White "Svidler, Peter"]
[Black "Gelfand, Boris"]
[Result "1-0"]
[WhiteElo "2747"]
[BlackElo "2709"]
[PlyCount "105"]
[EventDate "2004.03.20"]
[EventType "tourn (rapid)"]
[EventRounds "11"]
[EventCountry "MNC"]
[EventCategory "19"]
[SourceTitle "CBM 099 Extra"]
[Source "ChessBase"]
[SourceDate "2004.05.04"]
[SourceVersion "1"]
[SourceVersionDate "2004.05.04"]
[SourceQuality "1"]

1. e4 e5 2. Nf3 Nf6 3. Nc3 Nc6 4. Bb5 Nd4 5. Bc4 Nxf3+ 6. Qxf3 c6 7. O-O d6 8.
h3 Be7 9. Rd1 b5 10. Bb3 O-O 11. a4 b4 12. Ne2 d5 13. Ng3 dxe4 14. Nxe4 Nd5 15.
d3 Be6 16. Re1 Qd7 17. Ng5 Bxg5 18. Bxg5 f6 19. Bd2 c5 20. a5 Rad8 21. Qe4 Nc7
22. Ba4 Qf7 23. Qc6 Bd5 24. Qxc5 Qg6 25. f3 Ne6 26. Qf2 Nd4 27. Kh2 b3 28. Bxb3
Bxb3 29. cxb3 Nc2 30. Qxa7 Rxd3 31. Bc3 e4 32. fxe4 Nxa1 33. Rxa1 Qxe4 34. Qc7
Re3 35. Ra4 Qe6 36. Qc4 Ra8 37. Qxe6+ Rxe6 38. b4 Rb8 39. a6 Reb6 40. Bd4 Rb5
41. Bc5 Ra8 42. a7 Kf7 43. Ra6 Rb7 44. Kg3 g5 45. Kf3 f5 46. h4 gxh4 47. Kf4
Rd7 48. Kxf5 Rd2 49. Rb6 Rd7 50. Rh6 Kg7 51. Rxh4 Rd5+ 52. Ke6 Rd2 53. Rg4+ 1-0

[Event "Amber-rapid 13th"]
[Site "Monte Carlo"]
[Date "2004.03.30"]
[Round "9"]
[White "Leko, Peter"]
[Black "Svidler, Peter"]
[Result "1/2-1/2"]
[WhiteElo "2722"]
[BlackElo "2747"]
[PlyCount "72"]
[EventDate "2004.03.20"]
[EventType "tourn (rapid)"]
[EventRounds "11"]
[EventCountry "MNC"]
[EventCategory "19"]
[SourceTitle "CBM 099 Extra"]
[Source "ChessBase"]
[SourceDate "2004.05.04"]
[SourceVersion "1"]
[SourceVersionDate "2004.05.04"]
[SourceQuality "1"]

1. e4 e5 2. Nf3 d6 3. d4 exd4 4. Nxd4 Nf6 5. Nc3 Be7 6. Bf4 O-O 7. Qd2 d5 8. e5
Nh5 9. Nf3 Nxf4 10. Qxf4 c6 11. Bd3 Nd7 12. O-O Nc5 13. Bf5 g5 14. Qg4 h5 15.
Qh3 g4 16. Qxh5 Bxf5 17. Qxf5 gxf3 18. Qg4+ Kh7 19. Qh5+ Kg7 20. Qg4+ Kh6 21.
Qh3+ Kg6 22. Qg4+ Bg5 23. h4 Rh8 24. hxg5 Rh5 25. Qxf3 Qxg5 26. Qf6+ Qxf6 27.
exf6 Rah8 28. f3 Kxf6 29. Ne2 Ne6 30. Kf2 Rh2 31. Rad1 Rg8 32. Rg1 Ng5 33. Kf1
Re8 34. Nf4 Re5 35. Nd3 Rf5 36. Nf2 Rh4 1/2-1/2

[Event "ACP Blitz Prelim4"]
[Site "Playchess.com INT"]
[Date "2004.04.15"]
[Round "1"]
[White "Svidler, Peter"]
[Black "Socko, Bartosz"]
[Result "1-0"]
[WhiteElo "2733"]
[BlackElo "2579"]
[PlyCount "77"]
[EventDate "2004.04.15"]
[EventType "tourn (blitz)"]
[EventRounds "17"]
[EventCountry "GER"]
[EventCategory "12"]
[SourceTitle "CBM 099 Extra"]
[Source "ChessBase"]
[SourceDate "2004.05.04"]
[SourceVersion "1"]
[SourceVersionDate "2004.05.04"]
[SourceQuality "1"]

1. e4 e6 2. d4 d5 3. Nc3 Bb4 4. e5 Ne7 5. a3 Bxc3+ 6. bxc3 c5 7. Qg4 Kf8 8. h4
Qa5 9. Bd2 Qa4 10. Qd1 b6 11. h5 h6 12. Nf3 Ba6 13. Bd3 Nbc6 14. dxc5 Bxd3 15.
cxd3 Qxd1+ 16. Kxd1 bxc5 17. Rb1 Kg8 18. Ke2 Kh7 19. Rb5 Rhb8 20. Rhb1 a6 21.
Rb6 Nc8 22. Rb7 Rxb7 23. Rxb7 Ra7 24. Rxa7 N8xa7 25. Be3 Nb5 26. Bxc5 Nxc3+ 27.
Kd2 Nb5 28. a4 Nc7 29. Kc3 g6 30. Nd4 Nxd4 31. Kxd4 gxh5 32. Bd6 Ne8 33. Kc5 f6
34. Kb6 Kg6 35. Kxa6 Kf5 36. Kb6 fxe5 37. Be7 e4 38. dxe4+ Kxe4 39. a5 1-0

[Event "ACP Blitz Prelim4"]
[Site "Playchess.com INT"]
[Date "2004.04.15"]
[Round "4"]
[White "Battesti, Saveriu"]
[Black "Svidler, Peter"]
[Result "0-1"]
[WhiteElo "1864"]
[BlackElo "2733"]
[PlyCount "58"]
[EventDate "2004.04.15"]
[EventType "tourn (blitz)"]
[EventRounds "17"]
[EventCountry "GER"]
[EventCategory "12"]
[SourceTitle "CBM 099 Extra"]
[Source "ChessBase"]
[SourceDate "2004.05.04"]
[SourceVersion "1"]
[SourceVersionDate "2004.05.04"]
[SourceQuality "1"]

1. Nf3 Nf6 2. g3 g6 3. Bg2 Bg7 4. O-O O-O 5. d4 d6 6. c4 Nbd7 7. Nc3 e5 8. d5
Nc5 9. Nd2 a5 10. e4 Nd3 11. Qc2 Nxc1 12. Rfxc1 Nd7 13. f3 f5 14. Nb5 Bh6 15.
Rd1 Nc5 16. Nb3 fxe4 17. Nxc5 Be3+ 18. Kh1 Bxc5 19. fxe4 Bg4 20. Rf1 Qe7 21. h3
c6 22. Nc3 Bd7 23. Kh2 Qg5 24. Rxf8+ Rxf8 25. Rf1 Rxf1 26. Bxf1 Qe3 27. Qg2
Bxh3 28. Kxh3 Qh6+ 29. Kg4 Qh5# 0-1

[Event "ACP Blitz Prelim4"]
[Site "Playchess.com INT"]
[Date "2004.04.15"]
[Round "9"]
[White "Psakhis, Lev"]
[Black "Svidler, Peter"]
[Result "0-1"]
[WhiteElo "2545"]
[BlackElo "2733"]
[PlyCount "90"]
[EventDate "2004.04.15"]
[EventType "tourn (blitz)"]
[EventRounds "17"]
[EventCountry "GER"]
[EventCategory "12"]
[SourceTitle "CBM 099 Extra"]
[Source "ChessBase"]
[SourceDate "2004.05.04"]
[SourceVersion "1"]
[SourceVersionDate "2004.05.04"]
[SourceQuality "1"]

1. Nf3 Nf6 2. c4 g6 3. b3 Bg7 4. Bb2 O-O 5. g3 d6 6. d4 c5 7. Bg2 d5 8. Nbd2
cxd4 9. Bxd4 Nc6 10. Bb2 d4 11. b4 Nxb4 12. Bxd4 Nc6 13. Bc3 Bf5 14. O-O Qd7
15. Nb3 Qc8 16. Re1 Rd8 17. Qc1 Bh3 18. Bh1 Qc7 19. Qf4 Qxf4 20. gxf4 Rac8 21.
e3 Ne4 22. Bxg7 Kxg7 23. Ng5 Nxg5 24. fxg5 b6 25. Red1 Ne5 26. Rxd8 Rxd8 27.
Rc1 Nxc4 28. Nd4 e5 29. Rxc4 exd4 30. Rxd4 Rc8 31. Bf3 Rc5 32. Rd5 Rxd5 33.
Bxd5 Be6 34. Bxe6 fxe6 35. Kf1 Kf7 36. Ke2 Ke7 37. Kd3 Kd6 38. f4 e5 39. Ke4
exf4 40. exf4 Ke6 41. h4 b5 42. f5+ gxf5+ 43. Kf4 b4 44. h5 a5 45. h6 Kf7 0-1

[Event "ACP Blitz Prelim4"]
[Site "Playchess.com INT"]
[Date "2004.04.15"]
[Round "15"]
[White "Gofshtein, Leonid D"]
[Black "Svidler, Peter"]
[Result "0-1"]
[WhiteElo "2522"]
[BlackElo "2733"]
[PlyCount "90"]
[EventDate "2004.04.15"]
[EventType "tourn (blitz)"]
[EventRounds "17"]
[EventCountry "GER"]
[EventCategory "12"]
[SourceTitle "CBM 099 Extra"]
[Source "ChessBase"]
[SourceDate "2004.05.04"]
[SourceVersion "1"]
[SourceVersionDate "2004.05.04"]
[SourceQuality "1"]

1. d4 Nf6 2. Nf3 g6 3. Bf4 Bg7 4. e3 O-O 5. h3 b6 6. Bd3 Bb7 7. Nbd2 d6 8. O-O
Nbd7 9. Bh2 e6 10. e4 a6 11. c3 Qe7 12. Re1 Rfe8 13. a4 e5 14. Qc2 Nh5 15. Nc4
Qf6 16. dxe5 dxe5 17. b4 Nf4 18. Be2 Nxe2+ 19. Qxe2 Qe6 20. Nfd2 Rad8 21. Bg3
Nf6 22. f3 Nh5 23. Bf2 Nf4 24. Qf1 Nd3 25. Re2 f5 26. exf5 gxf5 27. Bg3 Qg6 28.
Bh2 e4 29. fxe4 fxe4 30. Ne3 Rf8 31. Qd1 Kh8 32. Bxc7 Rd7 33. Bh2 Bxc3 34. Rb1
Bd4 35. Ndf1 Rdf7 36. Qd2 Rf2 37. Kh1 Bc8 38. Bg3 R2f7 39. Kh2 Be6 40. Nc2 Bf6
41. Nfe3 Rg8 42. Be1 Be5+ 43. Kh1 Bxh3 44. Bh4 Qh5 45. Nf5 Bxf5 0-1

[Event "ACP Blitz Final"]
[Site "Playchess.com INT"]
[Date "2004.04.17"]
[Round "1.1"]
[White "Svidler, Peter"]
[Black "Erenburg, Sergey"]
[Result "1-0"]
[WhiteElo "2733"]
[BlackElo "2513"]
[PlyCount "77"]
[EventDate "2004.04.17"]
[EventType "k.o. (blitz)"]
[EventRounds "4"]
[EventCountry "GER"]
[SourceTitle "CBM 099 Extra"]
[Source "ChessBase"]
[SourceDate "2004.05.04"]
[SourceVersion "1"]
[SourceVersionDate "2004.05.04"]
[SourceQuality "1"]

1. e4 c6 2. d4 d5 3. e5 Bf5 4. Be3 e6 5. Nd2 Nd7 6. f4 h5 7. Ngf3 Nh6 8. g3 a6
9. c3 Rc8 10. b4 Be7 11. h3 Bg6 12. Be2 a5 13. a3 b5 14. O-O Nb6 15. Bf2 Ra8
16. Nh2 Bf5 17. Kg2 g5 18. fxg5 Bxg5 19. Bxh5 Na4 20. Nb1 Nb2 21. Qe2 Nc4 22.
h4 Be7 23. Bf3 axb4 24. cxb4 Bxb4 25. Rc1 Be7 26. Nd2 Rg8 27. Kh1 Bh7 28. a4
Nf5 29. Nhf1 bxa4 30. Nxc4 dxc4 31. Bxc6+ Kf8 32. Qf3 Rc8 33. Be4 Rg7 34. Rxa4
Nxd4 35. Qe3 Nf5 36. Qf4 Qd4 37. Bxd4 Nxd4 38. Bxh7 Rxh7 39. Qxd4 1-0

[Event "ACP Blitz Final"]
[Site "Playchess.com INT"]
[Date "2004.04.17"]
[Round "1.3"]
[White "Svidler, Peter"]
[Black "Erenburg, Sergey"]
[Result "0-1"]
[WhiteElo "2733"]
[BlackElo "2513"]
[PlyCount "70"]
[EventDate "2004.04.17"]
[EventType "k.o. (blitz)"]
[EventRounds "4"]
[EventCountry "GER"]
[SourceTitle "CBM 099 Extra"]
[Source "ChessBase"]
[SourceDate "2004.05.04"]
[SourceVersion "1"]
[SourceVersionDate "2004.05.04"]
[SourceQuality "1"]

1. e4 c6 2. d4 d5 3. Nd2 dxe4 4. Nxe4 Bf5 5. Ng3 Bg6 6. Bc4 e6 7. N1e2 Bd6 8.
Nf4 Qh4 9. Ngh5 Bxh5 10. Qxh5 Qe7 11. Qe2 Nf6 12. Bd2 Nbd7 13. O-O-O O-O 14.
Kb1 Nd5 15. Nxd5 cxd5 16. Bd3 Rfc8 17. h4 b5 18. f4 a6 19. Qf3 Qf6 20. f5 Qxd4
21. fxe6 fxe6 22. Bg5 Qb4 23. Qh5 Nf8 24. Rhf1 g6 25. Qf3 Ra7 26. h5 Be5 27.
Bc1 Bg7 28. Qh3 Rc6 29. Rf4 Qd6 30. hxg6 hxg6 31. Rg4 Rac7 32. Rh1 e5 33. Bxg6
Nxg6 34. Qh7+ Kf8 35. Rf1+ Rf7 0-1

[Event "ACP Blitz Final"]
[Site "Playchess.com INT"]
[Date "2004.04.17"]
[Round "2.1"]
[White "Svidler, Peter"]
[Black "Volkov, Sergey"]
[Result "1/2-1/2"]
[WhiteElo "2733"]
[BlackElo "2629"]
[PlyCount "85"]
[EventDate "2004.04.17"]
[EventType "k.o. (blitz)"]
[EventRounds "4"]
[EventCountry "GER"]
[SourceTitle "CBM 099 Extra"]
[Source "ChessBase"]
[SourceDate "2004.05.04"]
[SourceVersion "1"]
[SourceVersionDate "2004.05.04"]
[SourceQuality "1"]

1. e4 e6 2. d4 d5 3. e5 c5 4. c3 Qb6 5. Nf3 Bd7 6. a3 cxd4 7. cxd4 Bb5 8. Bxb5+
Qxb5 9. Nc3 Qa6 10. Ne2 Ne7 11. O-O Nec6 12. Nf4 Nd7 13. Nd3 Rc8 14. Be3 Be7
15. Rc1 O-O 16. h3 b6 17. a4 Na5 18. b3 Rxc1 19. Nxc1 Rc8 20. Bd2 Ba3 21. Re1
Nf8 22. Re3 Ng6 23. Nd3 Bf8 24. Qb1 h6 25. Re1 Ne7 26. Rc1 Rxc1+ 27. Bxc1 Qc8
28. Bd2 Nec6 29. Qc2 Qd7 30. h4 Qe7 31. g3 Qa3 32. Nc1 Bb4 33. Be3 Qa1 34. Kg2
Qc3 35. Qb1 Ba3 36. Bd2 Qb2 37. Qd3 Bb4 38. Be3 Bc3 39. h5 Nb4 40. Qb5 Nbc6 41.
Qd3 Nb4 42. Qb5 Nbc6 43. Qd3 1/2-1/2

[Event "ACP Blitz Final"]
[Site "Playchess.com INT"]
[Date "2004.04.17"]
[Round "2.3"]
[White "Svidler, Peter"]
[Black "Volkov, Sergey"]
[Result "1-0"]
[WhiteElo "2733"]
[BlackElo "2629"]
[PlyCount "103"]
[EventDate "2004.04.17"]
[EventType "k.o. (blitz)"]
[EventRounds "4"]
[EventCountry "GER"]
[SourceTitle "CBM 099 Extra"]
[Source "ChessBase"]
[SourceDate "2004.05.04"]
[SourceVersion "1"]
[SourceVersionDate "2004.05.04"]
[SourceQuality "1"]

1. e4 e6 2. d4 d5 3. e5 c5 4. c3 Qb6 5. Nf3 Bd7 6. Bd3 Bb5 7. dxc5 Bxc5 8. b4
Bxd3 9. Qxd3 Bf8 10. Be3 Qc7 11. O-O Ne7 12. Na3 a6 13. Rfe1 Ng6 14. Bd4 Nc6
15. Nc2 Be7 16. g3 Rc8 17. Rac1 O-O 18. h4 Rfd8 19. h5 Nf8 20. Ne3 h6 21. a3
Nh7 22. Kg2 Ng5 23. Nd2 Nxd4 24. Qxd4 Qc6 25. f3 f6 26. Ng4 f5 27. Nf2 Rc7 28.
Qe3 Qa4 29. c4 Rdc8 30. c5 a5 31. Qb3 Qb5 32. Qd3 Qe8 33. Nb3 axb4 34. axb4
Qxh5 35. Nd4 Qf7 36. Nb5 f4 37. g4 Rd7 38. Nd6 Bxd6 39. cxd6 Rdd8 40. Rc2 Rxc2
41. Qxc2 Qd7 42. Rc1 Nf7 43. Nd3 Qb5 44. Nxf4 Re8 45. Qc5 Qxc5 46. Rxc5 Nxe5
47. Rc7 b6 48. Nh5 Nf7 49. d7 Rd8 50. Nf4 Ng5 51. Rc8 Nf7 52. Nxe6 1-0

[Event "ACP Blitz Final"]
[Site "Playchess.com INT"]
[Date "2004.04.17"]
[Round "4.2"]
[White "Najer, Evgeniy"]
[Black "Svidler, Peter"]
[Result "1-0"]
[WhiteElo "2606"]
[BlackElo "2733"]
[PlyCount "59"]
[EventDate "2004.04.17"]
[EventType "k.o. (blitz)"]
[EventRounds "4"]
[EventCountry "GER"]
[SourceTitle "CBM 099 Extra"]
[Source "ChessBase"]
[SourceDate "2004.05.04"]
[SourceVersion "1"]
[SourceVersionDate "2004.05.04"]
[SourceQuality "1"]

1. e4 c5 2. Nc3 e6 3. Nf3 a6 4. g3 b5 5. Bg2 Bb7 6. d3 d6 7. Ng5 Be7 8. f4 Nc6
9. O-O Bxg5 10. fxg5 Nge7 11. Ne2 e5 12. Kh1 Bc8 13. Nc3 Be6 14. Nd5 O-O 15.
Be3 Nb4 16. Nf6+ gxf6 17. gxf6 Ng6 18. a3 Nc6 19. Bh6 Qd7 20. Qh5 Bg4 21. Qg5
Rfe8 22. h4 Bh3 23. h5 Qg4 24. hxg6 hxg6 25. Kh2 Qxg5 26. Bxg5 Be6 27. Rh1 Bg4
28. Kg1 Nd4 29. Rh4 Be2 30. Kf2 1-0

[Event "ACP Blitz Final"]
[Site "Playchess.com INT"]
[Date "2004.04.17"]
[Round "4.5"]
[White "Svidler, Peter"]
[Black "Najer, Evgeniy"]
[Result "1-0"]
[WhiteElo "2733"]
[BlackElo "2606"]
[PlyCount "75"]
[EventDate "2004.04.17"]
[EventType "k.o. (blitz)"]
[EventRounds "4"]
[EventCountry "GER"]
[SourceTitle "CBM 099 Extra"]
[Source "ChessBase"]
[SourceDate "2004.05.04"]
[SourceVersion "1"]
[SourceVersionDate "2004.05.04"]
[SourceQuality "1"]

1. e4 c5 2. Nf3 d6 3. d4 cxd4 4. Nxd4 Nf6 5. f3 e5 6. Nb3 Be6 7. c4 Nbd7 8. Be3
Rc8 9. N3d2 b5 10. b3 bxc4 11. bxc4 Nb6 12. Nc3 Be7 13. Nd5 Nfxd5 14. cxd5 Bd7
15. Qb3 O-O 16. Ba6 Rb8 17. O-O Bg5 18. Qa3 f5 19. Rab1 Kh8 20. Rfc1 Bxe3+ 21.
Qxe3 fxe4 22. fxe4 h6 23. Bf1 Be8 24. Be2 Bg6 25. Bg4 Nxd5 26. exd5 Bxb1 27.
Nxb1 Rb2 28. Nc3 Qa5 29. Bf3 a6 30. h3 Qb4 31. Ne4 Rxa2 32. Rc6 Ra1+ 33. Kh2
Re1 34. Qd3 a5 35. Qc4 Qb2 36. Rc8 Rxc8 37. Qxc8+ Kh7 38. Bg4 1-0

[Event "FRA-chT poule haute"]
[Site "Belfort"]
[Date "2004.05.10"]
[Round "11"]
[White "Svidler, Peter"]
[Black "Renet, Olivier"]
[Result "1-0"]
[WhiteElo "2747"]
[BlackElo "2517"]
[PlyCount "56"]
[EventDate "2004.05.08"]
[EventType "team"]
[EventRounds "4"]
[EventCountry "FRA"]
[SourceTitle "EXT 2005"]
[Source "ChessBase"]
[SourceDate "2004.11.15"]
[SourceVersion "1"]
[SourceVersionDate "2004.11.15"]
[SourceQuality "1"]
[WhiteTeam "Paris NAO"]
[BlackTeam "Monaco"]
[WhiteTeamCountry "FRA"]
[BlackTeamCountry "FRA"]

1. e4 c6 2. d4 d5 3. e5 Bf5 4. Nc3 e6 5. g4 Bg6 6. Nge2 c5 7. h4 h5 8. Nf4 Bh7
9. Nxh5 cxd4 10. Nb5 Nc6 11. Nxd4 Nge7 12. c3 a6 13. Rh3 Nxe5 14. Bg5 Qc7 15.
Re3 O-O-O 16. Nf4 Nc4 17. Bxc4 dxc4 18. Qe2 Bd3 19. Nxd3 cxd3 20. Rxd3 e5 21.
O-O-O exd4 22. Rxd4 Rxd4 23. Rxd4 b5 24. Qe4 Qc6 25. Bxe7 Qxe4 26. Rxe4 Bxe7
27. Rxe7 Rxh4 28. f3 Rh8 1-0

[Event "Leon 17th"]
[Site "Leon"]
[Date "2004.06.04"]
[Round "1.1"]
[White "Vallejo Pons, Francisco"]
[Black "Svidler, Peter"]
[Result "0-1"]
[WhiteElo "2666"]
[BlackElo "2733"]
[Annotator "Finkel,A"]
[PlyCount "100"]
[EventDate "2004.06.04"]
[EventType "k.o. (rapid)"]
[EventRounds "2"]
[EventCountry "ESP"]
[SourceTitle "CBM 102"]
[Source "ChessBase"]
[SourceDate "2004.09.23"]
[SourceVersion "1"]
[SourceVersionDate "2004.09.23"]
[SourceQuality "1"]

1. d4 Nf6 2. Bg5 d5 3. e3 (3. Bxf6 exf6 $5 4. e3 c6 5. Bd3 Bd6 6. Nd2 O-O 7.
Qf3 Re8 8. Ne2 Nd7 9. O-O-O b5 $1 10. g4 Nb6 11. h4 Nc4 $13 {Psakhis,
L-Podgaets,M/Kharkov/URS-FL/1985/0:1/38/}) 3... c5 $5 4. Bxf6 {In my opinion
white should eiher take on f6 right away or to refrain from the trade. This
particular variation is just harmless for black.} gxf6 5. dxc5 (5. Nc3 e6 6.
Qf3 Bd7 7. O-O-O Nc6 8. Nge2 f5 9. Nf4 Qa5 10. Kb1 O-O-O $13 {Tukmakov,
V-Cseshkovsky,V/Kishinev/URS-FL/1975/0:1/36/}) 5... e6 6. c4 dxc4 7. Qa4+ {
The trade on d8 is no better} (7. Qxd8+ Kxd8 8. Bxc4 Bxc5 9. Nc3 (9. Ne2 Nc6
10. Nbc3 Ke7 11. O-O-O Ne5 12. Bb3 Bd7 13. Ba4 Bxa4 14. Nxa4 Bd6 15. h3 Rhg8
16. Rhg1 Rac8+ 17. Kb1 Nc4 {1/2-1/2 Gagunashvili,M-Timofeev,A/Tallinn 1997/EXT
98 (17)}) 9... Ke7 10. Rc1 Bd7 11. Bb5 Rc8 $13 {Lombardy,W-Ivkov,B/Amsterdam
1974}) 7... Nc6 8. Qxc4 ({White should pobably follow Stefanova's footsteps if
he is to fight for a win, even thogh black is doing fine anyway.} 8. Nc3 Bxc5
9. Bxc4 a6 10. Nf3 Bd7 11. Qc2 Rc8 12. O-O b5 $13 {Stefanova,A-Kovalevskaya,E/
Rabac 2003}) 8... Qa5+ 9. Nc3 Qxc5 (9... Bxc5 10. Nf3 Bd7 11. Be2 Bb4 12. O-O
Bxc3 13. bxc3 Rc8 $13 {Hall,J-Moberg,K/Linkoping 1996}) 10. Nf3 Qxc4 11. Bxc4
Bd7 {The position is completly equal.} (11... f5 12. Bb5 Bd7 13. Ke2 a6 14.
Bxc6 Bxc6 15. Rhd1 Bg7 $15 {Bogoljubow,E-Alekhine,A/Munich 1942}) 12. Ke2 Rc8
13. Rac1 (13. Rhd1 Ne5 14. Nxe5 fxe5 15. Bb5 Bxb5+ 16. Nxb5 Rc2+ 17. Rd2 Rxd2+
18. Kxd2 a6 19. Nc3 f5 $11) 13... Be7 14. Rhd1 {[%cal Gc3b5,Gc3e4] With idea
to come to d6 with the knight.} f5 15. Nb5 (15. e4 fxe4 16. Nxe4 Na5 17. Bd3
Rxc1 18. Rxc1 Nc6 19. Nc5 Bxc5 20. Rxc5 f6 $11) 15... Na5 16. Bd3 Rxc1 17. Rxc1
Nc6 18. Nfd4 Nxd4+ 19. Nxd4 Bd6 20. Bb5 (20. g3 Ke7 21. a3 Rc8 22. Rxc8 Bxc8
$11) 20... Ke7 21. Bxd7 Kxd7 22. g3 h5 23. Nf3 (23. h4 Rg8 24. Nf3 Rg4) 23...
Rg8 24. Rd1 Ke7 25. Rd4 Rg4 26. h3 $6 (26. b3) 26... Rxd4 27. Nxd4 Be5 28. Kd3
Kd6 29. Kc4 a6 30. a4 Bf6 31. h4 Bg7 32. b4 Bxd4 33. Kxd4 b5 34. axb5 axb5 35.
e4 $2 (35. f3 e5+ 36. Kd3 Kd5 37. Kc3 f6 38. Kd3 e4+ 39. Ke2 exf3+ (39... Kc4
$2 40. fxe4 fxe4 41. g4) 40. Kxf3 Kc4 41. e4 Kxb4 42. exf5 Kc3 43. g4 hxg4+ 44.
Kxg4 b4 45. h5 b3 46. h6 b2 47. h7 b1=Q 48. h8=Q $11) 35... e5+ 36. Ke3 fxe4
37. Kxe4 Ke6 38. f3 f5+ 39. Ke3 Kd5 40. Kd3 e4+ 41. fxe4+ fxe4+ 42. Ke3 Ke5 43.
Ke2 Kf5 44. Ke3 Kg4 45. Kxe4 Kxg3 46. Kf5 Kxh4 47. Kf4 Kh3 48. Kf3 h4 49. Kf2
Kg4 50. Kg2 Kf4 0-1